| 000 | 00395cam a2200145 i 4500 | ||
|---|---|---|---|
| 005 | 20260327193349.0 | ||
| 020 | _a9789789183364 | ||
| 050 | 0 | 0 |
_aKQC705 _b.Er4 |
| 100 | 1 | _aErinosho, Bolanle T., | |
| 245 | 1 | 0 |
_aEnvironmental Law in Africa / _cBolanle T. Erinosho. |
| 260 |
_aIbadan Nigeria _bKraft Books Ltd _c2015 |
||
| 300 |
_axvii, 294 pages ; _c22 cm |
||
| 650 | 0 | _aEnvironmental law | |
| 942 | _cBK | ||
| 999 |
_c8541 _d8541 |
||